| 000 | 00623nam a22002057i 4500 | ||
|---|---|---|---|
| 999 |
_c23381 _d23381 |
||
| 003 | AR-CdUCM | ||
| 008 | 250901b20242024 pe||||| |||| 00| 0 spa d | ||
| 020 | _a978-612-00-9717-5 | ||
| 040 |
_aMUNICIPALIDAD PROVINCIAL DEL CUSCO _cBIBLIOTECA MUNICIPAL DEL CUSCO |
||
| 041 | _hspa | ||
| 082 |
_b869.56 / B37 _2B37 |
||
| 100 |
_aBéjar Apaza, Mario Walter _92542 |
||
| 245 |
_aNinachay : _bProvocaciones íntimas / |
||
| 260 |
_aCusco : _bCerafina Condori Ccahua _c2024 |
||
| 300 |
_a355 páginas. : _c16x11 cm. |
||
| 505 | _aNina y el fuego | ||
| 650 |
_aNovela _951577 |
||
| 942 |
_2ddc _cLIBROS |
||
| 945 |
_apbjr _d1-09-2025 |
||